| 000 | 01039cam a2200313 a 4500 | ||
|---|---|---|---|
| 001 | 18229758 | ||
| 005 | 20150315111649.0 | ||
| 008 | 140717t20142014maua b 001 0 eng | ||
| 020 | _a9781457622601 (pbk.) | ||
| 040 |
_aDLC _beng _cDLC |
||
| 082 | 0 | 0 |
_2160 _a22 _bBAR |
| 100 | 1 | _aBarnet, Sylvan | |
| 245 | 1 | 0 |
_aCurrent issues and enduring questions : _ba guide to critical thinking and argument, with readings / _cSylvan Barnet, Hugo Bedau. |
| 250 | _a10th ed. | ||
| 260 |
_aBoston ; _aNew York : _bBedford / St. Martin's, _cc.2014. |
||
| 300 |
_axxxiv, 824 p. : _bill. ; _c24 cm. |
||
| 500 | _a"With integrated media" | ||
| 504 | _aIncludes bibliographical references and indexes. | ||
| 650 | 0 | _aReasoning. | |
| 650 | 0 | _aLogic. | |
| 650 | 0 | _aSocial ethics. | |
| 650 | 0 | _aReligion. | |
| 653 |
_bEEENG _cMarch2015 |
||
| 655 |
_vreading book _934232 |
||
| 700 | 1 |
_aBedau, Hugo Adam. _924409 |
|
| 906 |
_a7 _bcbc _corigcop _d2 _encip _f20 _gy-gencatlg |
||
| 942 |
_2ddc _k160 BAR |
||
| 999 |
_c19031 _d19003 |
||